[Event "Warsaw YMCA Autumn-A 190th"]
[Site "Warsaw"]
[Date "2017.11.24"]
[Round "11"]
[White "Praczukowski, Stanislaw"]
[Black "Piotrowski, Arkadiusz"]
[Result "1/2-1/2"]
[WhiteElo "2121"]
[BlackElo "1948"]
[PlyCount "67"]
[EventDate "2017.09.19"]
[EventType "tourn"]
[EventRounds "14"]
[EventCountry "POL"]
[SourceTitle "EXT 2019"]
[Source "ChessBase"]
[SourceDate "2018.10.10"]
[SourceVersion "1"]
[SourceVersionDate "2018.10.10"]
[SourceQuality "1"]

1. e4 c6 2. d4 d5 3. Nc3 dxe4 4. Nxe4 Nd7 5. Ng5 e6 6. Bd3 Ngf6 7. N1f3 h6 8. Nxe6 Qe7 9. 0-0 fxe6 10. Bg6+ Kd8 11. Bf4 Qb4 12. Qe2 Be7 13. a3 Qb6 14. c4 a5 15. c5 Qa6 16. Bd3 Qa7 17. Ne5 Nxe5 18. Qxe5 Bd7 19. b4 Nd5 20. Qxg7 Bf6 21. Qf7 Bxd4 22. Rad1 e5 23. Bxh6 b5 24. Bg5+ Kc8 25. Qg7 Re8 26. Bg6 axb4 27. axb4 Qc7 28. Bxe8 Bxe8 29. Qh6 Kb7 30. Be3 Bc3 31. Bd2 Bd4 32. Be3 Bb2 33. Bc1 Bd4 34. Be3 1/2-1/2

[Event "Warsaw YMCA Autumn-A 190th"]
[Site "Warsaw"]
[Date "2017.11.22"]
[Round "6"]
[White "Choroszej, Aleksander"]
[Black "Piotrowski, Arkadiusz"]
[Result "1-0"]
[WhiteElo "2029"]
[BlackElo "1948"]
[PlyCount "119"]
[EventDate "2017.09.19"]
[EventType "tourn"]
[EventRounds "14"]
[EventCountry "POL"]
[SourceTitle "EXT 2019"]
[Source "ChessBase"]
[SourceDate "2018.10.10"]
[SourceVersion "1"]
[SourceVersionDate "2018.10.10"]
[SourceQuality "1"]

1. d4 d5 2. c4 e6 3. Nc3 f5 4. Nf3 c6 5. g3 Nf6 6. Bg2 Bd6 7. 0-0 0-0 8. b3 Qe8 9. Bb2 Qh5 10. Ne5 Nbd7 11. Nxd7 Bxd7 12. e3 Qh6 13. Qe2 Be8 14. Rae1 Bh5 15. Bf3 Bxf3 16. Qxf3 g5 17. Qg2 g4 18. f3 gxf3 19. Qxf3 Bb4 20. Re2 Rf7 21. Qf4 Qh3 22. Nd1 Rg7 23. Rg2 Re8 24. Bc1 Qh5 25. Qf3 Qf7 26. Nf2 Kh8 27. Kh1 h5 28. Qf4 Rg6 29. Nd3 Qe7 30. Ne5 Reg8 31. Nxg6+ Rxg6 32. Qb8+ Rg8 33. Qxa7 Bd6 34. Qa5 Ne4 35. Qe1 Qg7 36. Qe2 Qh6 37. Qf3 Rg4 38. Bd2 Qg6 39. Be1 Qe8 40. cxd5 cxd5 41. a4 Qg6 42. b4 Qe8 43. b5 Qc8 44. a5 Qc4 45. Qe2 Qa4 46. a6 bxa6 47. bxa6 Rg7 48. Qxh5+ Rh7 49. Qe2 Qa3 50. Qa2 Qd3 51. Qe2 Qa3 52. g4 f4 53. exf4 Qa4 54. Qd3 Bb8 55. g5 Ba7 56. g6 Rc7 57. Qh3+ Kg8 58. Qxe6+ Kg7 59. Qe5+ Kg8 60. Qxc7 1-0

[Event "Warsaw YMCA Autumn-A 190th"]
[Site "Warsaw"]
[Date "2017.09.29"]
[Round "2"]
[White "Liberadzki, Slawomir"]
[Black "Piotrowski, Arkadiusz"]
[Result "1-0"]
[WhiteElo "1997"]
[BlackElo "1948"]
[PlyCount "121"]
[EventDate "2017.09.19"]
[EventType "tourn"]
[EventRounds "14"]
[EventCountry "POL"]
[SourceTitle "EXT 2019"]
[Source "ChessBase"]
[SourceDate "2018.10.10"]
[SourceVersion "1"]
[SourceVersionDate "2018.10.10"]
[SourceQuality "1"]

1. c4 c6 2. Nf3 d5 3. b3 Bf5 4. Bb2 Nf6 5. h3 e6 6. d3 Bc5 7. Nbd2 h6 8. e3 dxc4 9. d4 c3 10. Bxc3 Bd6 11. Be2 0-0 12. 0-0 Nbd7 13. Nc4 Be7 14. Re1 Ne4 15. Ba5 b6 16. Bd2 Nxd2 17. Qxd2 c5 18. Red1 Qc7 19. Rac1 Rad8 20. Bd3 Bxd3 21. Qxd3 Qb7 22. d5 exd5 23. Qxd5 Qxd5 24. Rxd5 Nf6 25. Rdd1 Nd5 26. Nfe5 Nc3 27. Rxd8 Ne2+ 28. Kh2 Nxc1 29. Rd7 Bf6 30. Ng4 Bc3 31. Rxa7 b5 32. Nce5 h5 33. Nd7 hxg4 34. Nxf8 Kxf8 35. hxg4 b4 36. Kg3 Bb2 37. Kf3 Ba3 38. Ke4 Nxa2 39. Kd3 Nc1+ 40. Kc2 Na2 41. Ra5 Ke7 42. Rxc5 Nc3 43. Ra5 Na2 44. Ra6 g6 45. g5 Kf8 46. g4 Ke7 47. f3 Kf8 48. Ra7 Kg7 49. e4 Kf8 50. e5 Kg8 51. Ra8+ Kg7 52. f4 Kh7 53. f5 Kg7 54. f6+ Kh7 55. Ra6 Kg8 56. Ra7 Kh8 57. Rxf7 Nc1 58. e6 Kg8 59. Rg7+ Kf8 60. e7+ Ke8 61. Rg8+ 1-0

[Event "Warsaw YMCA Autumn-A 190th"]
[Site "Warsaw"]
[Date "2017.09.22"]
[Round "1"]
[White "Piotrowski, Arkadiusz"]
[Black "Koziol, Pawel"]
[Result "0-1"]
[WhiteElo "1948"]
[BlackElo "1931"]
[PlyCount "124"]
[EventDate "2017.09.19"]
[EventType "tourn"]
[EventRounds "14"]
[EventCountry "POL"]
[SourceTitle "EXT 2019"]
[Source "ChessBase"]
[SourceDate "2018.10.10"]
[SourceVersion "1"]
[SourceVersionDate "2018.10.10"]
[SourceQuality "1"]

1. d4 d6 2. c4 e5 3. dxe5 dxe5 4. Qxd8+ Kxd8 5. Nc3 Be6 6. b3 Nd7 7. Bb2 c6 8. g3 a5 9. Bg2 Nh6 10. Nf3 f6 11. 0-0 Nf7 12. Nd2 h5 13. h4 Bc5 14. Nce4 Be7 15. a4 Kc7 16. Rfd1 Rag8 17. Nf3 Bf5 18. Ned2 Nc5 19. Ba3 Re8 20. Bxc5 Bxc5 21. Ne1 Rd8 22. Be4 Nd6 23. Bc2 Bd4 24. Rac1 Bb2 25. Rb1 Bc3 26. c5 Bxc2 27. Nxc2 Bxd2 28. cxd6+ Rxd6 29. Rb2 Rhd8 30. Kg2 Bc3 31. Rxd6 Rxd6 32. Rb1 Rd2 33. Ne3 Rxe2 34. Kf3 Rd2 35. Nf5 Rd7 36. Rc1 Bb4 37. Ke4 g6 38. Ne3 Bd2 39. Rc2 Rd4+ 40. Kf3 Bxe3 41. Kxe3 Rb4 42. Rc3 Rd4 43. f4 Rd1 44. fxe5 Re1+ 45. Kf4 Rxe5 46. Rd3 b5 47. axb5 cxb5 48. Rc3+ Kb6 49. Rc8 a4 50. bxa4 bxa4 51. Rb8+ Kc5 52. Rc8+ Kb4 53. Rc6 a3 54. Rb6+ Rb5 55. Ra6 Kb3 56. g4 Rb4+ 57. Kg3 Rxg4+ 58. Kh3 a2 59. Rb6+ Rb4 60. Ra6 Kb2 61. Rxf6 a1Q 62. Rf2+ Ka3 0-1

[Event "Warsaw YMCA Autumn-A 174th"]
[Site "Warsaw"]
[Date "2016.10.14"]
[Round "4"]
[White "Piotrowski, Arkadiusz"]
[Black "Praczukowski, Stanislaw"]
[Result "1-0"]
[WhiteElo "1926"]
[BlackElo "2100"]
[PlyCount "101"]
[EventDate "2016.09.23"]
[EventType "tourn"]
[EventRounds "13"]
[EventCountry "POL"]
[SourceTitle "EXT 2018"]
[Source "ChessBase"]
[SourceDate "2017.10.13"]
[SourceVersion "1"]
[SourceVersionDate "2017.10.13"]
[SourceQuality "1"]

1. e4 e6 2. d4 d5 3. exd5 exd5 4. Nf3 Bd6 5. h3 Ne7 6. Bd3 Nbc6 7. c3 Bf5 8. Bxf5 Nxf5 9. 0-0 Qd7 10. Re1+ Nce7 11. b3 f6 12. Ba3 0-0-0 13. Bxd6 Qxd6 14. Qc1 Rhe8 15. Qa3 Qxa3 16. Nxa3 Ng6 17. g3 Kd7 18. Kf1 Nd6 19. Nd2 Nf8 20. h4 Re6 21. Nc2 Rde8 22. Nb4 Rxe1+ 23. Rxe1 Rxe1+ 24. Kxe1 c6 25. Ke2 Ke6 26. Nd3 Kf5 27. Nc5 g5 28. hxg5 fxg5 29. f3 h5 30. Kf2 Nh7 31. Nd3 Nf6 32. Nf1 g4 33. Ne3+ Kg5 34. f4+ Kh6 35. c4 dxc4 36. bxc4 b5 37. c5 Nde4+ 38. Kg2 Nc3 39. Nb4 Ne2 40. Nxc6 h4 41. gxh4 Nxf4+ 42. Kg3 N4h5+ 43. Kg2 Nf4+ 44. Kf1 Kh5 45. Nxa7 g3 46. c6 N6d5 47. Nxd5 Nxd5 48. Nxb5 Kg4 49. c7 Ne7 50. Nd6 Kh3 51. Kg1 1-0

[Event "Warsaw YMCA Autumn-A 174th"]
[Site "Warsaw"]
[Date "2016.10.07"]
[Round "3"]
[White "Kasperkiewicz, Pawel"]
[Black "Piotrowski, Arkadiusz"]
[Result "1-0"]
[WhiteElo "1908"]
[BlackElo "1926"]
[PlyCount "139"]
[EventDate "2016.09.23"]
[EventType "tourn"]
[EventRounds "13"]
[EventCountry "POL"]
[SourceTitle "EXT 2018"]
[Source "ChessBase"]
[SourceDate "2017.10.13"]
[SourceVersion "1"]
[SourceVersionDate "2017.10.13"]
[SourceQuality "1"]

1. c4 e5 2. Nc3 Nf6 3. Nf3 Nc6 4. g3 d5 5. cxd5 Nxd5 6. d3 Be7 7. Bg2 Be6 8. 0-0 Qd7 9. Ng5 Bxg5 10. Bxg5 f6 11. Bd2 0-0-0 12. Ne4 Qe8 13. Rc1 Nb6 14. Be3 Bd5 15. a3 Kb8 16. Qc2 f5 17. Nc5 Bxg2 18. Kxg2 h6 19. Na6+ bxa6 20. Qxc6 Qxc6+ 21. Rxc6 Rhe8 22. Rfc1 Rd7 23. R1c2 Kb7 24. Rg6 Nd5 25. Rcc6 Nf6 26. Rc4 Re6 27. Rb4+ Kc8 28. Bxa7 c6 29. Bc5 Rf7 30. e4 fxe4 31. dxe4 Kc7 32. Bb6+ Kd7 33. Be3 Rd6 34. Bc5 Rd2 35. Rb7+ Ke6 36. Rb6 Rc7 37. Bf8 Rf7 38. Bxg7 Rc2 39. Rb3 Rxg7 40. Rxg7 Nxe4 41. Rf3 Rxb2 42. Rg6+ Kd5 43. Rxh6 c5 44. Rxa6 c4 45. Ra8 c3 46. Rd8+ Kc4 47. Rc8+ Kd4 48. h4 Nc5 49. Rxc5 Kxc5 50. Rxc3+ Kd4 51. Re3 e4 52. g4 Rd2 53. Rg3 Ke5 54. h5 Kf6 55. g5+ Kg7 56. g6 Rd8 57. Re3 Re8 58. f3 Rh8 59. Rxe4 Rxh5 60. Rg4 Rd5 61. Kg3 Rc5 62. a4 Rf5 63. f4 Ra5 64. Kh4 Rxa4 65. f5 Ra6 66. Kg5 Ra5 67. Rb4 Ra2 68. Rb7+ Kg8 69. Rb6 Ra1 70. Rb8+ 1-0

[Event "Warsaw YMCA Spring-A 167th"]
[Site "Warsaw"]
[Date "2016.06.24"]
[Round "13"]
[White "Piotrowski, Arkadiusz"]
[Black "Praczukowski, Stanislaw"]
[Result "0-1"]
[WhiteElo "2006"]
[BlackElo "2075"]
[PlyCount "74"]
[EventDate "2016.04.08"]
[EventType "tourn"]
[EventRounds "13"]
[EventCountry "POL"]
[SourceTitle "EXT 2017"]
[Source "ChessBase"]
[SourceDate "2016.10.25"]
[SourceVersion "1"]
[SourceVersionDate "2016.10.25"]
[SourceQuality "1"]

1. e4 e6 2. d4 d5 3. e5 c5 4. c3 Nc6 5. Nf3 Qb6 6. Be2 cxd4 7. cxd4 Nh6 8. Nc3 Nf5 9. Na4 Bb4+ 10. Bd2 Qa5 11. Bc3 b5 12. a3 Bxc3+ 13. Nxc3 b4 14. axb4 Qxb4 15. Bb5 Bd7 16. Bxc6 Bxc6 17. Qd2 0-0 18. 0-0 Rfb8 19. Rfb1 a5 20. g4 Ne7 21. h4 a4 22. Ra3 Qc4 23. Qe3 Rb4 24. Na2 Rb3 25. Rxb3 axb3 26. Nc3 h5 27. Nd2 Qb4 28. f3 Ng6 29. gxh5 Nxh4 30. Ne2 Qxd2 31. Qxd2 Nxf3+ 32. Kf2 Nxd2 33. Rd1 Nc4 34. Rd3 Ra2 35. Rxb3 Rxb2 36. Rg3 Nd2 37. Ke1 Ne4 0-1

[Event "Warsaw YMCA Spring-A 167th"]
[Site "Warsaw"]
[Date "2016.06.03"]
[Round "9"]
[White "Piotrowski, Arkadiusz"]
[Black "Bajkowski, Marcin"]
[Result "1/2-1/2"]
[WhiteElo "2006"]
[BlackElo "1910"]
[PlyCount "232"]
[EventDate "2016.04.08"]
[EventType "tourn"]
[EventRounds "13"]
[EventCountry "POL"]
[SourceTitle "EXT 2017"]
[Source "ChessBase"]
[SourceDate "2016.10.25"]
[SourceVersion "1"]
[SourceVersionDate "2016.10.25"]
[SourceQuality "1"]

1. d4 Nf6 2. Nf3 g6 3. c4 Bg7 4. Nc3 d5 5. Bg5 c6 6. e3 0-0 7. Qb3 e6 8. Be2 Nbd7 9. 0-0 Qb6 10. Qc2 Re8 11. Rfd1 a5 12. h3 Qa7 13. Bf4 b6 14. Rac1 Bb7 15. cxd5 exd5 16. Nd2 Rac8 17. Bf3 b5 18. Qb1 b4 19. Na4 Ba6 20. Nb3 Bb5 21. Nac5 a4 22. Nxd7 Nxd7 23. Nc5 Nxc5 24. Rxc5 Bf8 25. Rcc1 b3 26. Bg4 f5 27. Bf3 Bc4 28. a3 Rcd8 29. Be5 Bd6 30. Bxd6 Rxd6 31. Rc3 Kg7 32. Qc1 Rde6 33. Qd2 Qe7 34. g3 h5 35. Be2 Bxe2 36. Qxe2 h4 37. Qf3 Qg5 38. Qf4 Qxf4 39. gxf4 Ra8 40. Rdc1 Ra6 41. Kg2 Kf6 42. Kf3 Ke7 43. Ke2 Kd6 44. Kd3 Kd7 45. Rc5 Re8 46. Rg1 Rg8 47. Rg5 Ke6 48. f3 Kf6 49. Rg1 Re8 50. Rgc1 Re6 51. Re1 Re8 52. e4 Re7 53. Re2 Rd7 54. e5+ Ke6 55. Re1 Rd8 56. Rec1 Kd7 57. Rg1 Rg8 58. Rg2 Ke6 59. Rc1 Rb6 60. Rcg1 Kf7 61. Kc3 Rb7 62. Rg5 Rg7 63. Kd3 Rb6 64. e6+ Kf6 65. e7 Rb8 66. Rc1 Kxe7 67. Rxc6 Kd7 68. Rc5 Kd6 69. Rg1 Ra8 70. Rgc1 Ra6 71. Rc8 Rd7 72. R1c5 Ke7 73. Rh8 Kf6 74. Rhc8 Raa7 75. R8c6+ Kg7 76. Rc1 Kh7 77. Kd2 Kh6 78. R1c5 Kh7 79. Re6 Rac7 80. Kd3 Kg7 81. Ra6 Ra7 82. Rxa7 Rxa7 83. Rxd5 Rc7 84. Rc5 Re7 85. Kd2 Rd7 86. Rc4 Ra7 87. Kc3 Re7 88. Kd2 Ra7 89. Kd3 Kf6 90. d5 Kf7 91. Kd4 Re7 92. Rxa4 Re2 93. Ra7+ Ke8 94. Rb7 Rxb2 95. Ke5 Re2+ 96. Kf6 Re3 97. Kxg6 Rxf3 98. Kxf5 Rxh3 99. Kg4 Rd3 100. Kxh4 Kd8 101. Rb5 Kc7 102. Kg4 Kd6 103. a4 Rd4 104. Rxb3 Rxa4 105. Rd3 Ra8 106. Kf3 Rh8 107. Rd1 Rf8 108. Ke4 Re8+ 109. Kf5 Rf8+ 110. Kg4 Rg8+ 111. Kf3 Rf8 112. Rd2 Ra8 113. Rd3 Rh8 114. Re3 Rh3+ 115. Ke4 Rxe3+ 116. Kxe3 Kxd5 1/2-1/2

[Event "Warsaw YMCA Autumn-B 146th"]
[Site "Warsaw"]
[Date "2014.10.01"]
[Round "1"]
[White "Sanz Wawer, Daniel"]
[Black "Piotrowski, Arkadiusz"]
[Result "0-1"]
[WhiteElo "1928"]
[BlackElo "1969"]
[PlyCount "60"]
[EventDate "2014.09.17"]
[EventType "tourn"]
[EventRounds "13"]
[EventCountry "POL"]
[SourceTitle "EXT 2019"]
[Source "ChessBase"]
[SourceDate "2018.10.10"]
[SourceVersion "1"]
[SourceVersionDate "2018.10.10"]
[SourceQuality "1"]

1. e4 c6 2. d4 d5 3. exd5 cxd5 4. Bd3 Nc6 5. c3 g6 6. Nf3 Nf6 7. 0-0 Bg7 8. Ne5 Nxe5 9. dxe5 Ng4 10. Bb5+ Kf8 11. Bf4 Nxe5 12. Nd2 Bg4 13. Qb3 a6 14. Rfe1 Nc6 15. h3 Bf5 16. Be2 Qd7 17. Bf3 e5 18. Bh2 e4 19. Be2 d4 20. Bc4 Re8 21. Rad1 b5 22. Bd5 e3 23. Nf3 e2 24. Rd2 d3 25. Ng5 Nd8 26. g4 Qe7 27. Nxf7 Nxf7 28. Bxf7 Bh6 29. f4 Qa7+ 30. Kg2 Be4+ 0-1

[Event "Warsaw Najdorf Memorial op-A 11th"]
[Site "Warsaw"]
[Date "2013.08.08"]
[Round "4"]
[White "Warakomska, Anna"]
[Black "Piotrowski, Arkadiusz"]
[Result "1-0"]
[WhiteElo "2095"]
[BlackElo "1963"]
[PlyCount "71"]
[EventDate "2013.08.05"]
[EventType "swiss"]
[EventRounds "9"]
[EventCountry "POL"]
[SourceTitle "CBM 155 Extra"]
[Source "ChessBase"]
[SourceDate "2013.08.26"]
[SourceVersion "1"]
[SourceVersionDate "2013.08.26"]
[SourceQuality "1"]

1. e4 c6 2. d4 d5 3. Nd2 dxe4 4. Nxe4 Bf5 5. Ng3 Bg6 6. Bc4 e6 7. N1e2 Nf6 8. Nf4 Bd6 9. Nxg6 hxg6 10. c3 Qc7 11. Qf3 Nbd7 12. Be3 0-0-0 13. 0-0-0 Kb8 14. Kb1 Ka8 15. h3 c5 16. Bb5 cxd4 17. Bxd4 e5 18. Be3 e4 19. Qe2 Bxg3 20. fxg3 Qxg3 21. Rd2 Qc7 22. Rhd1 Nb6 23. Bd4 Nbd5 24. c4 Nf4 25. Qe3 a6 26. Bb6 Rxd2 27. Rxd2 Qb8 28. Qa3 Qc8 29. Qe7 Nd3 30. Bxa6 Re8 31. Qxf7 e3 32. Rxd3 e2 33. Bxb7+ Kb8 34. Ba7+ Kxa7 35. Bxc8+ Kb6 36. Qb7+ 1-0

[Event "Warsaw Najdorf Memorial op-A 11th"]
[Site "Warsaw"]
[Date "2013.08.05"]
[Round "1"]
[White "Piotrowski, Arkadiusz"]
[Black "Gasik, Anna"]
[Result "0-1"]
[WhiteElo "1963"]
[BlackElo "2212"]
[PlyCount "63"]
[EventDate "2013.08.05"]
[EventType "swiss"]
[EventRounds "9"]
[EventCountry "POL"]
[SourceTitle "CBM 155 Extra"]
[Source "ChessBase"]
[SourceDate "2013.08.26"]
[SourceVersion "1"]
[SourceVersionDate "2013.08.26"]
[SourceQuality "1"]

1. d4 d5 2. Nf3 Nf6 3. c4 c6 4. Nc3 e6 5. Bg5 h6 6. Bxf6 Qxf6 7. e3 g6 8. c5 Nd7 9. Be2 e5 10. 0-0 Bg7 11. b4 a5 12. b5 e4 13. Nd2 Nxc5 14. Rc1 Nd7 15. f3 exf3 16. Bxf3 Qe6 17. Re1 0-0 18. Nb3 f5 19. g3 Nf6 20. bxc6 bxc6 21. Nxa5 Bd7 22. Na4 Be8 23. Nc5 Qe7 24. Rb1 Ne4 25. Rb7 Qd6 26. Bxe4 fxe4 27. Qg4 Qf6 28. Qe6+ Rf7 29. Rxf7 Qxf7 30. Qxf7+ Kxf7 31. Rb1 Bf8 32. Rb7+ 0-1

[Event "Warsaw-ch opA 66th"]
[Site "Warsaw"]
[Date "2013.05.13"]
[Round "3"]
[White "Nowicki, Bartosz"]
[Black "Piotrowski, Arkadiusz"]
[Result "1-0"]
[WhiteElo "2173"]
[BlackElo "1971"]
[PlyCount "73"]
[EventDate "2013.05.11"]
[EventType "swiss"]
[EventRounds "9"]
[EventCountry "POL"]
[SourceTitle "CBM 154 Extra"]
[Source "ChessBase"]
[SourceDate "2013.06.25"]
[SourceVersion "2"]
[SourceVersionDate "2013.06.25"]
[SourceQuality "1"]

1. e4 c5 2. Nf3 e6 3. d4 cxd4 4. Nxd4 Nf6 5. Nc3 Nc6 6. Ndb5 d6 7. Bf4 e5 8. Bg5 a6 9. Na3 b5 10. Bxf6 gxf6 11. Nd5 Be6 12. c3 Bxd5 13. exd5 Na7 14. Bd3 Qa5 15. Nc2 Nc8 16. a4 bxa4 17. Ne3 f5 18. Rxa4 Qc5 19. Rc4 Qa5 20. Bxf5 Ne7 21. Bc2 Bh6 22. Ba4+ Kf8 23. b4 Qb6 24. Ng4 Bg7 25. Qf3 f5 26. Bd7 e4 27. Qf4 h5 28. Bxf5 Ke8 29. Ne3 Bh6 30. Qxe4 Bg7 31. 0-0 Be5 32. Kh1 Rf8 33. f4 Bh8 34. Rc6 Qxe3 35. Bg6+ Kd8 36. Qxe3 Nxg6 37. Rxd6+ 1-0